Statistics for Countries Beginning with "C" and Ending with "A"

Click here to take the quiz!

General Stats

  • This quiz has been taken 131 times
  • The average score is 6 of 7

Answer Stats

Country% Correct
Canada
91%
Colombia
87%
Croatia
87%
Cambodia
85%
China
84%
Cuba
75%
Costa Rica
62%

Score Distribution

Percentile by Number Answered

Percent of People with Each Score

Your Score History

You have not taken this quiz